| 000 | 00603nam a2200205 u 4500 | ||
|---|---|---|---|
| 005 | 20241120063721.0 | ||
| 008 | 131104s1997 r 000 0 eng d | ||
| 020 | _a8434426145 | ||
| 035 | _aUPN01000193866 | ||
| 049 | _aCG | ||
| 050 | 4 |
_aLB1027.5 _bA8.3 |
|
| 245 | 0 | 0 |
_aAsesoramiento curricular y organizativo en educación / _ccoord. Carlos Marcelo García. |
| 260 |
_aBarcelona, Esp. : _bAriel, _c1997. |
||
| 300 | _a400 p. | ||
| 440 | 0 | _aAriel educación | |
| 650 | 2 |
_aAsesoramiento educativo _910642 |
|
| 700 | 1 |
_aMarcelo García, Carlos _ecoord. _932073 |
|
| 905 | _aLibro | ||
| 999 |
_c165967 _d165967 |
||